Pairs #58 - Statistics

General Stats
  • This quiz has been taken 100 times
  • The average score is 17 of 25
Answer Stats
Hint Explanation Answer % Correct
chew the meat chew the meat and spit out the bones. To separate good or valuable information from that which is unsound or invalid. spit out the bones
94%
year in year in, and year out. Every year; year after year. year out
94%
raise the flag raise the flag and see who salutes. To suggest something in order to gauge interest in it. see who salutes
92%
a wink a wink and a nod. A sly, subtle signal used to communicate a piece of information that one doesn't want to state aloud, publicly, or directly. a nod
91%
nearest nearest and dearest. The people with whom one has the closest relationships; one's closest and most beloved family members and friends. dearest
91%
all mouth all mouth and no trousers. (primarily UK) Full of boastful, arrogant, or shallow talk and unable to deliver on stated claims. no trousers
83%
sadder sadder and wiser. More knowledgeable or experienced after having gone through something unpleasant or unfortunate. Also, sadder but wiser. wiser
83%
down to chili down to chili and beans. Broke or destitute. beans
81%
go abroad go abroad and you'll hear news of home. (proverb) Once one is no longer at home, one becomes more interested or invested in news of home and family as it circulates second-hand. you’ll hear news of home
81%
wait on hand wait on hand and foot. To dote on one and do everything that one wants. foot
77%
take one’s ball take one's ball and go home. To be so petulant in dealing with adversity, loss, or rejection that one quits or leaves abruptly, often disrupting other participants in the process. The image is of a child who leaves with the ball, thus preventing others from continuing to play the game. go home
75%
pace up pace up and down. To walk back and forth (in or around some place), as in fear, anger, anxiety, frustration, etc. down
74%
let go let go and let God. To give up one's self-determination and yield to the teachings, designs, or instructions of God or the church. let God
72%
four score four score and seven years ago. Eighty-seven years ago. The iconic first line of US President Abraham Lincoln's Gettysburg Address, the speech he delivered at the dedication of the national cemetery in Gettysburg, Pennsylvania. Lincoln gave this speech in 1863—87 years after 1776, the year of the founding of the United States. seven years ago
70%
meat meat and two veg. (primarily UK) A basic, traditional meal, consisting of a portion of meat and two different types of vegetables. two veg
68%
hewers of wood hewers of wood and drawers of water. Those who are used solely for manual labor or menial tasks at the behest of others. An allusion to Joshua 9:21. drawers of water
62%
blues blues and twos. (primarily UK) An emergency vehicle, such as an ambulance or police car, that has blue flashing lights and a siren that sounds two notes. twos
62%
fuss fuss and feathers. Unnecessary embellishments or pomp. feathers
58%
verve verve and élan. Great enthusiasm and vigor. élan
51%
odd odd and curious. Strange and intriguing. curious
49%
kicks kicks and giggles. Fun or amusement only, without any serious purpose or motivation. giggles
47%
all my eye all my eye and Betty Martin. (primarily UK) Nonsense talk. Betty Martin
40%
blood blood and iron. Military action as opposed to non-violent methods. Associated with an 1862 speech by German statesman Otto von Bismarck. iron
38%
Uncle Tom Cobleigh Uncle Tom Cobleigh and all. (primarily UK) And a large number of other people; et al. Used to indicate that a list of people is frustratingly long. An allusion to a folk song called "Widecombe Fair," the chorus of which lists a large number of people ending with "Old Uncle Tom Cobleigh and all." Sometimes spelled "Cobley." all
30%
cheese cheese and kisses. (primarily Australia) Rhyming slang for “missus,” i.e., wife. kisses
17%
No matching quizzes found
Score Distribution
Percent of People with Each Score
Percentile by Number Answered
Your Score History
You have not taken this quiz